Hydrology and soil conservation engineering Including watershed management (Record no. 11251)
[ view plain ]
| 000 -LEADER | |
|---|---|
| fixed length control field | 00672cam a2200241ua 4500 |
| 020 ## - INTERNATIONAL STANDARD BOOK NUMBER | |
| ISBN | 81-203-1493-X |
| 020 ## - INTERNATIONAL STANDARD BOOK NUMBER | |
| ISBN | 9788120335868 |
| 082 ## - DEWEY DECIMAL CLASSIFICATION NUMBER | |
| Classification number | 631.45 |
| Item number | DAS/HY |
| 100 ## - MAIN ENTRY--AUTHOR NAME | |
| Personal name | Das, Ghanshyam . |
| 245 ## - TITLE STATEMENT | |
| Title | Hydrology and soil conservation engineering Including watershed management |
| 260 ## - PUBLICATION, DISTRIBUTION, ETC. (IMPRINT) | |
| Place of publication | New Delhi : |
| Name of publisher | Prentice Hall of India Pvt Ltd. , |
| Year of publication | 2000. |
| 300 ## - PHYSICAL DESCRIPTION | |
| Number of Pages | 490 ; . |
| 650 ## - SUBJECT ADDED ENTRY--TOPICAL TERM | |
| Topical Term | Abstraction losses |
| 650 ## - SUBJECT ADDED ENTRY--TOPICAL TERM | |
| Topical Term | Flood routing |
| 650 ## - SUBJECT ADDED ENTRY--TOPICAL TERM | |
| Topical Term | Hydrographs |
| 650 ## - SUBJECT ADDED ENTRY--TOPICAL TERM | |
| Topical Term | Precipitation |
| 650 ## - SUBJECT ADDED ENTRY--TOPICAL TERM | |
| Topical Term | Soil erosion |
| 650 ## - SUBJECT ADDED ENTRY--TOPICAL TERM | |
| Topical Term | stream flow |
| 650 ## - SUBJECT ADDED ENTRY--TOPICAL TERM | |
| Topical Term | Time series analysis |
| 650 ## - SUBJECT ADDED ENTRY--TOPICAL TERM | |
| Topical Term | water harvesting |
| 650 ## - SUBJECT ADDED ENTRY--TOPICAL TERM | |
| Topical Term | watershed management |
| 942 ## - ADDED ENTRY ELEMENTS (KOHA) | |
| Koha item type | Books |
| Withdrawn status | Lost status | Damaged status | Home library | Current library | Date acquired | Full call number | Accession Number | Koha item type | Collection code | Shelving location | Source of acquisition | Cost, normal purchase price |
|---|---|---|---|---|---|---|---|---|---|---|---|---|
| KAUAET | KAUAET | 07/04/2012 | 631.45 | 20622 | Books | |||||||
| KAUAET | KAUAET | 31/03/2012 | 631.45 DAS/HY | 23135 | Books | Non-fiction | General Stacks | Dreamtech, Tvpm | 395.00 | |||
| KAUAET | KAUAET | 31/03/2012 | 631.45 DAS/HY | 23136 | Books | Non-fiction | General Stacks | Dreamtech, Tvpm | 395.00 | |||
| KAUAET | KAUAET | 31/03/2012 | 631.45 DAS/HY | 23137 | Books | Non-fiction | General Stacks | Dreamtech, Tvpm | 395.00 | |||
| KAUAET | KAUAET | 30/03/2013 | 631.45 DAS/HY | 23912 | Books | Non-fiction | General Stacks | Neoti Book Agency | 395.00 |
